01006cam a2200277 a 450000100100000000500170001000800410002702000150006804000230008308200170010610000400012324500800016326000400024330000280028349000290031150400210034065000290036165000270039065000310041765000320044870000410048083000380052191000340055995201200059399900150071300000980620200929161719.0910319s1990 sp a 000 p spa  a8420520500 aDO-SdBNPcDLCdDLC a861.6bC392a1 aCelaya, Gabriel,d1911-1991.92470810aAntología poética /cGabriel Celaya ; edición, A. Chicharro Chamorro. aMadrid :bAlhambra Longman,cc1990. a178 p. :bil. ;c19 cm.1 aAlhambra literaturav13. aIncluye índice 4aPoesía española9631 4aPoesía amorosa99227 4aLiteratura española9632 4aPoesíaxColecciones997291 aChamorro, Chicharro A. ,eed.924709 0aAlhambra literatura ;v13.924710 aCatalogación por copia / LC 001052708MOaGRbGRcCTd2009-10-01iLF1l0o861.6 C392ap9806-10r2020-06-25w2020-06-25y2ZPréstamo interno c9565d9565